[Event "LXXV C.to Italiano"]
[Site "Milano ITA"]
[Date "2015.11.29"]
[Round "1"]
[White "Valsecchi, Alessio"]
[Black "Vocaturo, Daniele"]
[WhiteElo "2466"]
[BlackElo "2588"]
[Result "1/2-1/2"]
[PlyCount "43"]
[EventDate "2015.11.29"]

1. d4 Nf6 2. c4 e6 3. Nc3 Bb4 4. e3 b6 5. Bd3 Bb7 6. Nf3 O-O 7. O-O c5 8. Bd2
cxd4 9. exd4 d5 10. cxd5 Nxd5 11. Ne5 Nc6 12. Ba6 Qe7 13. Nxd5 exd5 14. Nxc6
Bxc6 15. Rc1 Bd7 16. Re1 Be6 17. Bxb4 Qxb4 18. Qd3 Bc8 19. Bb5 Bf5 20. Qxf5
Qxb5 21. b3 Rae8 22. g3 1/2-1/2

[Event "LXXV C.to Italiano"]
[Site "Milano ITA"]
[Date "2015.12.01"]
[Round "2"]
[White "Borgo, Giulio"]
[Black "Bellia, Fabrizio"]
[WhiteElo "2372"]
[BlackElo "2452"]
[Result "1/2-1/2"]
[PlyCount "37"]
[EventDate "2015.11.29"]

1. c4 Nf6 2. Nc3 e5 3. g3 Bb4 4. Bg2 O-O 5. Qb3 a5 6. e3 Re8 7. Nge2 Na6 8. O-O
c6 9. d4 e4 10. Bd2 d6 11. a3 Bxc3 12. Nxc3 Rb8 13. Qc2 Bf5 14. f3 d5 15. cxd5
cxd5 16. fxe4 Bxe4 17. Nxe4 Nxe4 18. Bxe4 Rxe4 19. Rac1 1/2-1/2

[Event "LXXV C.to Italiano"]
[Site "Milano ITA"]
[Date "2015.12.01"]
[Round "2"]
[White "Bove, Alessandro"]
[Black "Dvirnyy, Danyyil"]
[WhiteElo "2360"]
[BlackElo "2561"]
[Result "1/2-1/2"]
[PlyCount "156"]
[EventDate "2015.11.29"]

1. e4 e5 2. Nf3 Nc6 3. Bc4 Bc5 4. c3 Nf6 5. b4 Bb6 6. d3 d6 7. a4 a6 8. Nbd2
O-O 9. O-O h6 10. Bb3 Ne7 11. Nc4 Ba7 12. Be3 Ng6 13. Bxa7 Rxa7 14. Re1 Be6 15.
a5 Bxc4 16. Bxc4 Ra8 17. g3 Re8 18. Nd2 Qd7 19. Qf3 Red8 20. Bb3 Re8 21. Nc4
Rad8 22. Ne3 Ne7 23. Red1 d5 24. Ba4 c6 25. c4 dxe4 26. dxe4 Qe6 27. Rxd8 Rxd8
28. Rd1 Rd4 29. Nc2 Rxd1+ 30. Qxd1 Nxe4 31. Qd8+ Kh7 32. Ne3 Qd6 33. Qxd6 Nxd6
34. c5 Nb5 35. Nc4 f6 36. Nd6 Nd4 37. Nxb7 Nd5 38. Nd8 Nxb4 39. f4 Kg8 40. Kf2
Kf8 41. Ke3 Ke7 42. Nb7 Ke6 43. Bd1 Nb5 44. fxe5 Kxe5 45. Nd8 Nc3 46. Bf3 Ncd5+
47. Kd2 f5 48. Be2 g6 49. Bf3 Kd4 50. Ne6+ Ke5 51. Nd8 g5 52. Be2 g4 53. Bd1
Kd4 54. Ne6+ Ke4 55. Nd8 Ne7 56. Ne6 Ke5 57. Bb3 Nbd5 58. Nd8 Nf6 59. Ke3 Ne4
60. Nf7+ Kf6 61. Nd8 Nc3 62. Bc4 Ncd5+ 63. Kd4 Nc7 64. Ke3 h5 65. Kd4 f4 66.
gxf4 Kf5 67. Ke3 Ned5+ 68. Kf2 Kxf4 69. Nxc6 Nc3 70. Nb4 Ne4+ 71. Kg2 Nxc5 72.
Nd3+ Nxd3 73. Bxd3 h4 74. Be2 g3 75. hxg3+ hxg3 76. Bc4 Ke4 77. Kxg3 Kd4 78.
Bxa6 Nxa6 1/2-1/2

[Event "LXXV C.to Italiano"]
[Site "Milano ITA"]
[Date "2015.12.01"]
[Round "2"]
[White "Brunello, Sabino"]
[Black "Basso, Pier Luigi"]
[WhiteElo "2562"]
[BlackElo "2435"]
[Result "1/2-1/2"]
[PlyCount "31"]
[EventDate "2015.11.29"]

1. d4 d5 2. c4 c6 3. Nf3 Nf6 4. e3 Bg4 5. Qb3 Qb6 6. Nc3 e6 7. Nh4 Bh5 8. h3
Qxb3 9. axb3 Na6 10. g4 Nb4 11. Ke2 g5 12. gxh5 gxh4 13. Bd2 Rg8 14. Na4 Na6
15. Kf3 Ne4 16. Be1 1/2-1/2

[Event "LXXV C.to Italiano"]
[Site "Milano ITA"]
[Date "2015.12.01"]
[Round "2"]
[White "Godena, Michele"]
[Black "Valsecchi, Alessio"]
[WhiteElo "2508"]
[BlackElo "2466"]
[Result "1/2-1/2"]
[PlyCount "71"]
[EventDate "2015.11.29"]

1. e4 c5 2. Nf3 d6 3. Bc4 Nf6 4. d3 Nc6 5. h3 g6 6. O-O Bg7 7. Nc3 O-O 8. Bf4
a6 9. a3 b5 10. Ba2 Bb7 11. Qd2 Rc8 12. Bh6 e6 13. Rfe1 Nd7 14. Bxg7 Kxg7 15.
Ne2 Nb6 16. c3 Ne5 17. Nxe5 dxe5 18. Qe3 Qd6 19. Ng3 h6 20. Rad1 Rfd8 21. Nf1
Na4 22. Qc1 Qe7 23. Bb3 Nb6 24. Nh2 Nd7 25. Nf3 Rc6 26. Qe3 Rd6 27. Bc2 Qf6 28.
g3 Qe7 29. h4 Ba8 30. Bb1 Rf8 31. d4 cxd4 32. cxd4 exd4 33. Rxd4 e5 34. Rxd6
Qxd6 35. Qc3 Bb7 36. Qe3 1/2-1/2

[Event "LXXV C.to Italiano"]
[Site "Milano ITA"]
[Date "2015.12.01"]
[Round "2"]
[White "Moroni, Luca jr"]
[Black "David, Alberto"]
[WhiteElo "2460"]
[BlackElo "2580"]
[Result "1/2-1/2"]
[PlyCount "58"]
[EventDate "2015.11.29"]

1. d4 Nf6 2. Nf3 g6 3. g3 Bg7 4. Bg2 O-O 5. O-O d5 6. c4 dxc4 7. Na3 c3 8. bxc3
c5 9. Ne5 Nc6 10. Nxc6 bxc6 11. Nc4 Nd5 12. Bd2 Ba6 13. Ne5 Qc7 14. Re1 Bxe5
15. dxe5 Qxe5 16. Qc1 Nb6 17. Bf4 Qf5 18. e4 Qe6 19. Qa3 Bb5 20. Qxc5 Na4 21.
Qa3 Nb6 22. Qb4 Rfd8 23. Red1 Bd3 24. Bc7 Rd7 25. Bxb6 Rb8 26. Qb3 Bc4 27. Qa4
Bb5 28. Qb3 Bc4 29. Qa4 Bb5 1/2-1/2

[Event "LXXV C.to Italiano"]
[Site "Milano ITA"]
[Date "2015.12.01"]
[Round "2"]
[White "Vocaturo, Daniele"]
[Black "Rombaldoni, Axel"]
[WhiteElo "2588"]
[BlackElo "2539"]
[Result "1/2-1/2"]
[PlyCount "98"]
[EventDate "2015.11.29"]

1. d4 Nf6 2. c4 b6 3. Nc3 Bb7 4. Qc2 d5 5. cxd5 Nxd5 6. e4 Nxc3 7. bxc3 g6 8.
Nf3 Bg7 9. Bb5+ c6 10. Be2 O-O 11. O-O Qc7 12. Bg5 e6 13. Rad1 Nd7 14. e5 c5
15. Qd2 c4 16. Be7 Rfc8 17. Bd6 Qd8 18. a4 a6 19. Qf4 h6 20. Nd2 b5 21. axb5
axb5 22. Rb1 g5 23. Qg3 Ra2 24. Bf3 Bxf3 25. Nxf3 Nb6 26. h4 gxh4 27. Nxh4 Qg5
28. Rxb5 Nd5 29. Rc5 Rca8 30. Qxg5 hxg5 31. Nf3 g4 32. Ng5 Re2 33. Rb1 Bh6 34.
Rxd5 exd5 35. Be7 g3 36. fxg3 Bxg5 37. Bxg5 Raa2 38. Kh2 Rxg2+ 39. Kh3 Rgb2 40.
Rh1 Kg7 41. Kg4 Rh2 42. Rb1 Rab2 43. Ra1 Ra2 44. Rb1 Rhb2 45. Rh1 Re2 46. Rb1
Rab2 47. Ra1 Ra2 48. Rb1 Rab2 49. Ra1 Ra2 1/2-1/2

[Event "LXXV C.to Italiano"]
[Site "Milano ITA"]
[Date "2015.12.02"]
[Round "3"]
[White "Basso, Pier Luigi"]
[Black "Moroni, Luca jr"]
[WhiteElo "2435"]
[BlackElo "2460"]
[Result "0-1"]
[PlyCount "52"]
[EventDate "2015.11.29"]

1. d4 e6 2. c4 Bb4+ 3. Nd2 b6 4. a3 Bxd2+ 5. Bxd2 Bb7 6. Qc2 f5 7. e3 Qe7 8. f3
Nf6 9. Bd3 O-O 10. Ne2 d6 11. Bc3 Nbd7 12. b4 Rae8 13. Ng3 g6 14. Qb3 e5 15. d5
b5 16. O-O-O Nb6 17. Rhe1 bxc4 18. Bxc4 Nxc4 19. Qxc4 Bxd5 20. Rxd5 Qf7 21. e4
fxe4 22. fxe4 c6 23. Qxc6 Rc8 24. Qxd6 Rxc3+ 25. Kb2 Nxd5 26. exd5 Rxg3 0-1

[Event "LXXV C.to Italiano"]
[Site "Milano ITA"]
[Date "2015.12.02"]
[Round "3"]
[White "Bellia, Fabrizio"]
[Black "Bove, Alessandro"]
[WhiteElo "2452"]
[BlackElo "2360"]
[Result "1/2-1/2"]
[PlyCount "40"]
[EventDate "2015.11.29"]

1. d4 d5 2. Nf3 Nf6 3. c4 e6 4. g3 Bb4+ 5. Bd2 Bd6 6. Bg2 c6 7. Qc2 Nbd7 8. Bf4
Bxf4 9. gxf4 O-O 10. Nbd2 b6 11. e3 a5 12. O-O Ba6 13. Rfd1 c5 14. dxc5 Nxc5
15. cxd5 Bd3 16. Qc3 Nxd5 17. Qa3 Rc8 18. Nb3 Nxb3 19. axb3 Be4 20. Qa4 f5
1/2-1/2

[Event "LXXV C.to Italiano"]
[Site "Milano ITA"]
[Date "2015.12.02"]
[Round "3"]
[White "David, Alberto"]
[Black "Vocaturo, Daniele"]
[WhiteElo "2580"]
[BlackElo "2588"]
[Result "1/2-1/2"]
[PlyCount "63"]
[EventDate "2015.11.29"]

1. e4 e5 2. Nf3 Nc6 3. Bb5 a6 4. Ba4 Nf6 5. O-O Nxe4 6. d4 b5 7. Bb3 d5 8. dxe5
Be6 9. Be3 Be7 10. c3 O-O 11. Nbd2 Qd7 12. Re1 Nxd2 13. Bxd2 Rad8 14. Bg5 Bg4
15. Bxe7 Qxe7 16. a4 d4 17. Qd3 dxc3 18. Qxc3 Bxf3 19. e6 f5 20. gxf3 Nd4 21.
axb5 Nxb5 22. Qe3 f4 23. Qe4 Rd4 24. Qe5 Rd3 25. Rad1 Rd6 26. Kh1 g6 27. Rg1
Rxd1 28. Rxd1 Nd6 29. Rc1 Nb5 30. Rd1 Nd6 31. Rc1 Nb5 32. Rd1 1/2-1/2

[Event "LXXV C.to Italiano"]
[Site "Milano ITA"]
[Date "2015.12.02"]
[Round "3"]
[White "Dvirnyy, Danyyil"]
[Black "Brunello, Sabino"]
[WhiteElo "2561"]
[BlackElo "2562"]
[Result "1-0"]
[PlyCount "69"]
[EventDate "2015.11.29"]

1. d4 d5 2. c4 c6 3. Nf3 Nf6 4. Nc3 dxc4 5. a4 e6 6. e3 c5 7. Bxc4 Nc6 8. O-O
Be7 9. Qe2 O-O 10. dxc5 Bxc5 11. e4 e5 12. Rd1 Nd4 13. Nxd4 exd4 14. Nd5 Nxd5
15. Bxd5 Qe7 16. Qc4 Bg4 17. Bg5 Qxg5 18. Qxc5 Kh8 19. Qc1 Qxc1 20. Rdxc1 Be2
21. f3 d3 22. Rc3 d2 23. Bb3 Rad8 24. Bd1 Bd3 25. Raa3 Bb1 26. Kf2 f5 27. exf5
Rxf5 28. Rc7 h6 29. Rxb7 Rc5 30. Rc3 Re5 31. Re3 Rc5 32. Rbe7 Kh7 33. Rc3 Rxc3
34. bxc3 a6 35. Rb7 1-0

[Event "LXXV C.to Italiano"]
[Site "Milano ITA"]
[Date "2015.12.02"]
[Round "3"]
[White "Rombaldoni, Axel"]
[Black "Godena, Michele"]
[WhiteElo "2539"]
[BlackElo "2508"]
[Result "1-0"]
[PlyCount "61"]
[EventDate "2015.11.29"]

1. d4 d5 2. c4 Nc6 3. Nf3 Bg4 4. cxd5 Bxf3 5. dxc6 Bxc6 6. Nc3 e6 7. e4 Bb4 8.
f3 Qh4+ 9. g3 Qf6 10. Be3 O-O-O 11. Be2 Ba5 12. Qd2 h6 13. O-O-O Ne7 14. h4 Bb6
15. h5 Bxd4 16. Bxd4 e5 17. Bxe5 Qxe5 18. Qf4 Qe6 19. b3 g5 20. hxg6 Nxg6 21.
Rxd8+ Kxd8 22. Qe3 Qe5 23. f4 Qg7 24. Kc2 b6 25. Bg4 Ne7 26. Rd1+ Ke8 27. Qd3
Kf8 28. Qd8+ Be8 29. Bd7 Qf6 30. Rd3 Kg7 31. e5 1-0

[Event "LXXV C.to Italiano"]
[Site "Milano ITA"]
[Date "2015.12.02"]
[Round "3"]
[White "Valsecchi, Alessio"]
[Black "Borgo, Giulio"]
[WhiteElo "2466"]
[BlackElo "2372"]
[Result "1-0"]
[PlyCount "111"]
[EventDate "2015.11.29"]

1. c4 Nf6 2. g3 e6 3. Bg2 d5 4. Nf3 Nc6 5. d4 dxc4 6. O-O Rb8 7. e3 b5 8. Qe2
Be7 9. b3 cxb3 10. axb3 a6 11. Rd1 O-O 12. e4 Bb7 13. Bb2 Re8 14. h4 b4 15.
Nbd2 Na7 16. Ne5 Nb5 17. Ndc4 Nd7 18. Rac1 Bf8 19. Nd3 Ba8 20. Ba1 f6 21. Bh3
Qe7 22. Na5 Rb6 23. Nc5 Nxc5 24. dxc5 Rbb8 25. Qc4 Qf7 26. Bf1 Qg6 27. Bg2 Kh8
28. Rd7 e5 29. c6 Bd6 30. Bh3 Red8 31. Bf5 Qh5 32. Rxd8+ Rxd8 33. Nb7 Rb8 34.
Nxd6 Nxd6 35. Qxa6 Nxf5 36. exf5 Qxf5 37. Bb2 h6 38. Qa7 Qc8 39. Qe3 Rb6 40. f4
exf4 41. Qxf4 Qe6 42. Qxc7 Qe3+ 43. Kh2 Qe2+ 44. Kg1 Qe3+ 45. Kh2 Qf2+ 46. Kh3
Qf5+ 47. Kh2 Ra6 48. Qd7 Qf2+ 49. Kh3 Ra7 50. Qd8+ Kh7 51. Qd3+ f5 52. Rc2 Qg1
53. Qxf5+ Kg8 54. Rd2 Qb6 55. Rd7 Rxd7 56. Qxd7 1-0

[Event "LXXV C.to Italiano"]
[Site "Milano ITA"]
[Date "2015.12.02"]
[Round "4"]
[White "Bellia, Fabrizio"]
[Black "Valsecchi, Alessio"]
[WhiteElo "2452"]
[BlackElo "2466"]
[Result "1/2-1/2"]
[PlyCount "90"]
[EventDate "2015.11.29"]

1. d4 Nf6 2. Nf3 g6 3. g3 Bg7 4. Bg2 d5 5. O-O O-O 6. c4 dxc4 7. Na3 c3 8. bxc3
c5 9. Bb2 Nc6 10. Re1 Nd5 11. e4 Nb6 12. d5 Na5 13. Rb1 Nac4 14. Nxc4 Nxc4 15.
Ba1 e6 16. Bf1 exd5 17. exd5 Nd6 18. c4 Bg4 19. Qb3 Bxa1 20. Rxa1 Bxf3 21. Qxf3
Re8 22. Qa3 b6 23. Qc3 Qd7 24. Qf6 Nf5 25. Bd3 Qd6 26. Qg5 Nd4 27. Kg2 Kg7 28.
Re3 h6 29. Qf4 Qd7 30. h4 a6 31. Rae1 b5 32. Rxe8 Rxe8 33. Rxe8 Qxe8 34. Qc7
bxc4 35. Qxc5 Qe5 36. Qxc4 g5 37. hxg5 hxg5 38. d6 Qxd6 39. Qxa6 Qd5+ 40. Kg1
Nf3+ 41. Kf1 Ne5 42. Bc2 Qh1+ 43. Ke2 Qf3+ 44. Kf1 Qh1+ 45. Ke2 Qf3+ 1/2-1/2

[Event "LXXV C.to Italiano"]
[Site "Milano ITA"]
[Date "2015.12.02"]
[Round "4"]
[White "Borgo, Giulio"]
[Black "Rombaldoni, Axel"]
[WhiteElo "2372"]
[BlackElo "2539"]
[Result "1/2-1/2"]
[PlyCount "62"]
[EventDate "2015.11.29"]

1. e4 c5 2. Nf3 Nc6 3. Bb5 Qb6 4. Qe2 e6 5. O-O Nf6 6. c4 Nd4 7. Nxd4 cxd4 8.
d3 a6 9. Ba4 Qa5 10. Bd1 e5 11. a3 Be7 12. f4 d6 13. b4 Qc7 14. Ba4+ b5 15. Bb3
bxc4 16. Bxc4 O-O 17. Ra2 h6 18. h3 Bb7 19. fxe5 dxe5 20. Nd2 a5 21. b5 a4 22.
Rc2 Qd6 23. Ba2 Rac8 24. Nc4 Qb8 25. Qf3 Rc5 26. Rcf2 Bc8 27. b6 Be6 28. Bd2
Rb5 29. Qd1 Bxc4 30. Bxc4 Rxb6 31. Qxa4 Qa8 1/2-1/2

[Event "LXXV C.to Italiano"]
[Site "Milano ITA"]
[Date "2015.12.02"]
[Round "4"]
[White "Bove, Alessandro"]
[Black "Brunello, Sabino"]
[WhiteElo "2360"]
[BlackElo "2562"]
[Result "0-1"]
[PlyCount "82"]
[EventDate "2015.11.29"]

1. e4 e5 2. Nc3 Nf6 3. Nf3 Nc6 4. Be2 d5 5. exd5 Nxd5 6. O-O Nxc3 7. bxc3 e4 8.
Ne1 Bd6 9. f3 Bf5 10. fxe4 Bxe4 11. Bf3 Bxf3 12. Qxf3 O-O 13. d4 Qh4 14. g3 Qe7
15. Rb1 Na5 16. Ng2 Rae8 17. Ne3 Qe4 18. Qh5 b6 19. Bd2 g6 20. Qg5 f5 21. Rbe1
Be7 22. Qh6 Bf6 23. Nxf5 Qc6 24. Rxe8 Rxe8 25. Bg5 Re2 26. Ne3 Bg7 27. Qh3 Qe8
28. Nd5 h5 29. Bf6 Nc4 30. Bxg7 Kxg7 31. Qh4 c6 32. Qf6+ Kg8 33. Nf4 Qe3+ 34.
Kh1 Qe4+ 35. Kg1 Qe3+ 36. Kh1 Qe4+ 37. Kg1 Ne3 38. Qd8+ Kh7 39. Qd7+ Kh6 40.
Qh3 Rxc2 41. Re1 Qf3 0-1

[Event "LXXV C.to Italiano"]
[Site "Milano ITA"]
[Date "2015.12.02"]
[Round "4"]
[White "Godena, Michele"]
[Black "David, Alberto"]
[WhiteElo "2508"]
[BlackElo "2580"]
[Result "1/2-1/2"]
[PlyCount "30"]
[EventDate "2015.11.29"]

1. e4 c5 2. c3 d5 3. exd5 Qxd5 4. d4 e6 5. Nf3 Nf6 6. Na3 Nc6 7. Be2 Qd8 8. Nc2
Be7 9. Bf4 Nd5 10. Bg3 O-O 11. O-O b6 12. dxc5 Bxc5 13. Nfd4 Nxd4 14. Nxd4 Bb7
15. Bf3 Qe7 1/2-1/2

[Event "LXXV C.to Italiano"]
[Site "Milano ITA"]
[Date "2015.12.02"]
[Round "4"]
[White "Moroni, Luca jr"]
[Black "Dvirnyy, Danyyil"]
[WhiteElo "2460"]
[BlackElo "2561"]
[Result "1/2-1/2"]
[PlyCount "54"]
[EventDate "2015.11.29"]

1. d4 d5 2. c4 c6 3. Nc3 Nf6 4. e3 Bf5 5. cxd5 cxd5 6. Qb3 Nc6 7. Qxb7 Bd7 8.
Qb3 Rb8 9. Qd1 e5 10. dxe5 Nxe5 11. Nge2 Bc5 12. Nf4 Bc6 13. Be2 O-O 14. O-O
Re8 15. h3 h6 16. a4 d4 17. exd4 Bxd4 18. Nb5 Bc5 19. Qxd8 Rexd8 20. b4 Bxb5
21. Bxb5 Bxb4 22. Bb2 Bd6 23. Rfe1 Nf3+ 24. gxf3 Bxf4 25. Bxf6 gxf6 26. Re7 Be5
27. Rc1 a5 1/2-1/2

[Event "LXXV C.to Italiano"]
[Site "Milano ITA"]
[Date "2015.12.02"]
[Round "4"]
[White "Vocaturo, Daniele"]
[Black "Basso, Pier Luigi"]
[WhiteElo "2588"]
[BlackElo "2435"]
[Result "0-1"]
[PlyCount "62"]
[EventDate "2015.11.29"]

1. d4 d5 2. c4 c6 3. Nf3 Nf6 4. Nc3 e6 5. Bg5 h6 6. Bh4 dxc4 7. e4 g5 8. Bg3 b5
9. Be2 Bg7 10. e5 Nh5 11. a4 a6 12. Ne4 O-O 13. Nfxg5 Nxg3 14. hxg3 hxg5 15.
Qc2 f5 16. exf6 Rxf6 17. Rh5 Rh6 18. Rxh6 Bxh6 19. O-O-O Ra7 20. Bg4 Rh7 21.
Rh1 Rh8 22. Nc5 Qf6 23. Re1 Bf8 24. Qd2 Bxc5 25. dxc5 Kg7 26. Qd6 Bd7 27. f3 e5
28. Qc7 Rc8 29. Qb7 Qf7 30. Rxe5 Kf6 31. Re4 Bxg4 0-1

[Event "LXXV C.to Italiano"]
[Site "Milano ITA"]
[Date "2015.12.03"]
[Round "5"]
[White "Basso, Pier Luigi"]
[Black "Godena, Michele"]
[WhiteElo "2435"]
[BlackElo "2508"]
[Result "1/2-1/2"]
[PlyCount "22"]
[EventDate "2015.11.29"]

1. d4 d5 2. c4 dxc4 3. e4 Nc6 4. Nf3 Nf6 5. e5 Nd5 6. Bxc4 Bg4 7. h3 Bxf3 8.
Qxf3 e6 9. Bb5 Ndb4 10. O-O a6 11. Bxc6+ Nxc6 1/2-1/2

[Event "LXXV C.to Italiano"]
[Site "Milano ITA"]
[Date "2015.12.03"]
[Round "5"]
[White "Brunello, Sabino"]
[Black "Moroni, Luca jr"]
[WhiteElo "2562"]
[BlackElo "2460"]
[Result "0-1"]
[PlyCount "152"]
[EventDate "2015.11.29"]

1. c4 b6 2. d4 Bb7 3. Nf3 e6 4. a3 Be7 5. Nc3 f5 6. g3 Nf6 7. Bg2 O-O 8. O-O
Ne4 9. Qc2 Nxc3 10. Qxc3 Bf6 11. Rd1 Qe7 12. b3 c5 13. Bb2 Nc6 14. Qc2 d6 15.
d5 exd5 16. Rxd5 Na5 17. Ne1 f4 18. Rad1 Rad8 19. Bxf6 Qxf6 20. Nd3 fxg3 21.
hxg3 Nc6 22. Nf4 Ne5 23. Be4 Qh6 24. Kg2 Rxf4 25. gxf4 Ng4 26. Kg3 Rf8 27. e3
Nf6 28. Rh1 Nxe4+ 29. Qxe4 Qg6+ 30. Qxg6 hxg6 31. Rhd1 Bxd5 32. Rxd5 Rf6 33. e4
Kf8 34. Kg4 Ke7 35. Kg5 Rf8 36. f3 Rh8 37. Kxg6 Rh3 38. Kxg7 Rxf3 39. Rf5 Rg3+
40. Rg5 Rxb3 41. f5 Rf3 42. a4 a6 43. Rg6 Kd7 44. Re6 Rh3 45. Kf7 Rh7+ 46. Kg8
Rh4 47. Rg6 Rxe4 48. f6 Rxc4 49. f7 Rf4 50. f8=Q Rxf8+ 51. Kxf8 b5 52. Kf7 b4
53. Kf6 Kc6 54. Ke7 c4 55. Rxd6+ Kc5 56. a5 c3 57. Rxa6 b3 58. Rb6 c2 59. Rxb3
c1=Q 60. Rf3 Qg5+ 61. Rf6 Kd4 62. Kf7 Qxa5 63. Kg6 Ke4 64. Rf7 Qe5 65. Rf1 Qe6+
66. Rf6 Qe8+ 67. Kh6 Ke5 68. Ra6 Qd8 69. Rg6 Kf5 70. Kh7 Qd4 71. Rg7 Kf6 72.
Kg8 Qd8+ 73. Kh7 Qe8 74. Ra7 Qh5+ 75. Kg8 Qd5+ 76. Kh8 Qh1+ 0-1

[Event "LXXV C.to Italiano"]
[Site "Milano ITA"]
[Date "2015.12.03"]
[Round "5"]
[White "David, Alberto"]
[Black "Borgo, Giulio"]
[WhiteElo "2580"]
[BlackElo "2372"]
[Result "1-0"]
[PlyCount "57"]
[EventDate "2015.11.29"]

1. e4 e6 2. d3 c5 3. Nf3 Nc6 4. g3 d5 5. Qe2 Nf6 6. Bg2 g6 7. O-O Bg7 8. c3 O-O
9. e5 Nd7 10. d4 Qa5 11. Bf4 b5 12. dxc5 b4 13. Rc1 Ba6 14. Qe3 Rfc8 15. a3 b3
16. c4 Ne7 17. Nd4 Nxc5 18. Nd2 Qa4 19. Bg5 Bf8 20. Bxe7 Bxe7 21. cxd5 Nd3 22.
Rxc8+ Rxc8 23. dxe6 fxe6 24. Bh3 Rd8 25. Bxe6+ Kh8 26. N2xb3 Nc5 27. Rc1 Nxe6
28. Nxe6 Rb8 29. Qxa7 1-0

[Event "LXXV C.to Italiano"]
[Site "Milano ITA"]
[Date "2015.12.03"]
[Round "5"]
[White "Dvirnyy, Danyyil"]
[Black "Vocaturo, Daniele"]
[WhiteElo "2561"]
[BlackElo "2588"]
[Result "1/2-1/2"]
[PlyCount "115"]
[EventDate "2015.11.29"]

1. c4 Nf6 2. g3 e6 3. Bg2 d5 4. Nf3 Be7 5. O-O O-O 6. b3 c5 7. Bb2 d4 8. e3 Nc6
9. exd4 cxd4 10. Re1 Ng4 11. Ba3 f6 12. Bxe7 Qxe7 13. a3 a5 14. d3 Nh6 15. Ra2
e5 16. Rc2 Be6 17. Nfd2 Rad8 18. Rb2 Rd7 19. b4 axb4 20. Qa4 b5 21. Qa6 bxa3
22. Rxb5 Ra7 23. Qxc6 a2 24. Nb3 Rc8 25. Qb6 a1=Q 26. Nxa1 Rxa1 27. Ra5 Rxa5
28. Qxa5 Bf5 29. Qd5+ Kf8 30. Be4 Rd8 31. Qc6 Rd6 32. Qa8+ Rd8 33. Qc6 Rd6 34.
Qa8+ Qd8 35. Qxd8+ Rxd8 36. Nd2 Rb8 37. Ra1 Rb2 38. Bxf5 Nxf5 39. Ne4 Rb3 40.
Nc5 Rc3 41. Ra7 h5 42. Kg2 Ke8 43. h3 e4 44. Nxe4 Rxd3 45. c5 Ne7 46. c6 Nxc6
47. Rxg7 Rd1 48. Nxf6+ Kf8 49. Rc7 Nb4 50. Kf3 h4 51. g4 d3 52. g5 Rg1 53. Ke3
Re1+ 54. Kf4 d2 55. Nh7+ Kg8 56. Nf6+ Kf8 57. Nh7+ Kg8 58. Nf6+ 1/2-1/2

[Event "LXXV C.to Italiano"]
[Site "Milano ITA"]
[Date "2015.12.03"]
[Round "5"]
[White "Rombaldoni, Axel"]
[Black "Bellia, Fabrizio"]
[WhiteElo "2539"]
[BlackElo "2452"]
[Result "1-0"]
[PlyCount "83"]
[EventDate "2015.11.29"]

1. d4 d5 2. c4 e6 3. Nf3 Nf6 4. Nc3 Be7 5. cxd5 exd5 6. Bf4 c6 7. Qc2 g6 8. Ne5
Bf5 9. Qd2 Nbd7 10. f3 Nxe5 11. Bxe5 O-O 12. g4 Be6 13. h4 Nd7 14. Bg3 Re8 15.
e3 Nb6 16. O-O-O c5 17. h5 g5 18. Bd3 cxd4 19. exd4 h6 20. Bc2 Kg7 21. Rde1 Bd6
22. Re5 Rh8 23. b3 Rc8 24. Kb2 Rc6 25. Nb5 Bb8 26. f4 f6 27. fxg5 hxg5 28.
Rxg5+ fxg5 29. Bxb8 Kh6 30. Be5 Bxg4 31. Rg1 Rg8 32. Rxg4 Nd7 33. Rg2 Nxe5 34.
dxe5 Qe8 35. Nd4 Qxe5 36. Re2 Qf6 37. Rf2 Qe5 38. Re2 Qf6 39. Kb1 Rxc2 40. Kxc2
Rc8+ 41. Kb1 Kxh5 42. Rh2+ 1-0

[Event "LXXV C.to Italiano"]
[Site "Milano ITA"]
[Date "2015.12.03"]
[Round "5"]
[White "Valsecchi, Alessio"]
[Black "Bove, Alessandro"]
[WhiteElo "2466"]
[BlackElo "2360"]
[Result "1/2-1/2"]
[PlyCount "47"]
[EventDate "2015.11.29"]

1. d4 d5 2. c4 e6 3. Nc3 Bb4 4. Nf3 dxc4 5. e3 b5 6. a4 c6 7. Be2 Bb7 8. O-O a6
9. Ne4 Nd7 10. b3 c3 11. Qc2 Ngf6 12. Nxc3 O-O 13. Bb2 Rc8 14. Na2 Be7 15. Rad1
c5 16. dxc5 Be4 17. Qd2 Nxc5 18. axb5 Qxd2 19. Nxd2 Bc2 20. Ra1 axb5 21. Bxb5
Nxb3 22. Nxb3 Bxb3 23. Nc1 Bd5 24. Bd4 1/2-1/2

[Event "LXXV C.to Italiano"]
[Site "Milano ITA"]
[Date "2015.12.04"]
[Round "6"]
[White "Bellia, Fabrizio"]
[Black "David, Alberto"]
[WhiteElo "2452"]
[BlackElo "2580"]
[Result "0-1"]
[PlyCount "64"]
[EventDate "2015.11.29"]

1. d4 Nf6 2. c4 e6 3. Nc3 Bb4 4. e3 b6 5. Bd3 Bb7 6. f3 c5 7. Nge2 cxd4 8. exd4
d5 9. Qa4+ Nc6 10. cxd5 Qxd5 11. a3 Bxc3+ 12. bxc3 O-O 13. O-O Na5 14. c4 Qd7
15. Qc2 Ba6 16. Bg5 Bxc4 17. Bxc4 Rac8 18. Bxe6 Qxe6 19. Qd3 Nd5 20. Nf4 Qe3+
21. Qxe3 Nxe3 22. Ng6 Rfe8 23. Ne7+ Rxe7 24. Bxe7 Nxf1 25. Kxf1 Nc6 26. Bh4
Nxd4 27. Rd1 Rc4 28. Bf2 Ne6 29. Bg3 h5 30. Bb8 Ra4 31. Rd3 a6 32. g3 g5 0-1

[Event "LXXV C.to Italiano"]
[Site "Milano ITA"]
[Date "2015.12.04"]
[Round "6"]
[White "Borgo, Giulio"]
[Black "Basso, Pier Luigi"]
[WhiteElo "2372"]
[BlackElo "2435"]
[Result "0-1"]
[PlyCount "113"]
[EventDate "2015.11.29"]

1. e4 c6 2. d4 d5 3. Nd2 dxe4 4. Nxe4 Bf5 5. Ng3 Bg6 6. Bc4 e6 7. N1e2 Nf6 8.
O-O Nbd7 9. f4 Nb6 10. Bb3 Qd7 11. a4 a5 12. Qe1 Bb4 13. c3 Be7 14. Qf2 Bf5 15.
Kh1 O-O 16. Ng1 Qc7 17. Qe2 Nc8 18. Nf3 Nd6 19. Ne5 Nde4 20. Nxe4 Bxe4 21. Be3
Qb6 22. Ba2 c5 23. Rae1 Bf5 24. h3 cxd4 25. Bxd4 Bc5 26. Bxc5 Qxc5 27. Qf3 Qb6
28. Re2 Rad8 29. g4 Be4 30. Rxe4 Nxe4 31. Qxe4 Qxb2 32. Bc4 Qxc3 33. Qf3 Qb2
34. Rf2 Rd2 35. Be2 Qa1+ 36. Kg2 Qxa4 37. Qxb7 Qb4 38. Qc6 a4 39. Nc4 Rc2 40.
Qe4 Ra2 41. f5 exf5 42. gxf5 Qb8 43. Qg4 Qb7+ 44. Kg3 Qb1 45. Kg2 a3 46. Qf3
Qc1 47. h4 Qa1 48. Qe3 Rd8 49. f6 Qd4 50. Qg3 Qe4+ 51. Kh2 g6 52. Nd6 Qe6 53.
Nf5 Rxe2 54. Nh6+ Kf8 55. Qxa3+ Rd6 56. Rxe2 Qxe2+ 57. Kg3 0-1

[Event "LXXV C.to Italiano"]
[Site "Milano ITA"]
[Date "2015.12.04"]
[Round "6"]
[White "Bove, Alessandro"]
[Black "Moroni, Luca jr"]
[WhiteElo "2360"]
[BlackElo "2460"]
[Result "1/2-1/2"]
[PlyCount "106"]
[EventDate "2015.11.29"]

1. e4 e6 2. d4 d5 3. Nc3 Bb4 4. Bd3 c5 5. exd5 exd5 6. dxc5 Nc6 7. a3 Bxc5 8.
Nf3 Nge7 9. O-O Bg4 10. h3 Bh5 11. Bf4 Qd7 12. Nb5 Rd8 13. b4 Bb6 14. Re1 Bxf3
15. Qxf3 O-O 16. Rad1 a6 17. Nc3 Nd4 18. Qg4 Qxg4 19. hxg4 Ne6 20. Na4 Ba7 21.
Bc7 Rd7 22. Bb6 Bxb6 23. Nxb6 Rd6 24. Na4 Nc6 25. c4 Rfd8 26. c5 R6d7 27. Nb6
Re7 28. f3 g6 29. Kf2 Kf8 30. Bc2 Nc7 31. Rxe7 Kxe7 32. Bd3 h6 33. f4 a5 34.
Rb1 axb4 35. axb4 g5 36. g3 Ne6 37. Ke3 Kf6 38. Bf5 Nc7 39. Kd3 Ne7 40. fxg5+
Kxg5 41. Bd7 Ng6 42. Bc8 Ne5+ 43. Kc2 Nb5 44. Rf1 Nd4+ 45. Kb2 Ndc6 46. Bxb7
Nxb4 47. Kc3 Nbc6 48. Bxc6 Nxc6 49. Rxf7 d4+ 50. Kd2 d3 51. Rg7+ Kf6 52. Rd7
Kg5 53. Rg7+ Kf6 1/2-1/2

[Event "LXXV C.to Italiano"]
[Site "Milano ITA"]
[Date "2015.12.04"]
[Round "6"]
[White "Godena, Michele"]
[Black "Dvirnyy, Danyyil"]
[WhiteElo "2508"]
[BlackElo "2561"]
[Result "1/2-1/2"]
[PlyCount "67"]
[EventDate "2015.11.29"]

1. e4 c6 2. d4 d5 3. Nd2 dxe4 4. Nxe4 Bf5 5. Ng3 Bg6 6. Nf3 Nd7 7. Bd3 Ngf6 8.
O-O e6 9. Re1 Be7 10. c4 O-O 11. Bxg6 hxg6 12. Bf4 a5 13. Qc2 a4 14. Rad1 Re8
15. Ne2 Qa5 16. Nc1 b5 17. Bd2 Qa6 18. c5 Bd8 19. Nd3 Nd5 20. Re2 Bc7 21. Rde1
Rad8 22. g3 Nf8 23. Nde5 Ne7 24. Nxf7 Kxf7 25. Ng5+ Kg8 26. Nxe6 Nd5 27. Nxf8
Rxe2 28. Rxe2 Rxf8 29. Qxg6 Bd8 30. Qe6+ Rf7 31. Qe8+ Rf8 32. Qe6+ Rf7 33. Qe8+
Rf8 34. Qe6+ 1/2-1/2